Mathematics for physics with calculus

Đã lưu trong:
书目详细资料
主要作者: Das, Biman
格式: 图书
语言:Undetermined
出版: New Jersey Pearson Prentice Hall 2005
主题:
标签: 添加标签
没有标签, 成为第一个标记此记录!
Thư viện lưu trữ: Trung tâm Học liệu Trường Đại học Cần Thơ
LEADER 00515nam a2200193Ia 4500
001 CTU_93799
008 210402s9999 xx 000 0 und d
020 |c 28.00 
082 |a 530.15 
082 |b D229 
100 |a Das, Biman 
245 0 |a Mathematics for physics with calculus 
245 0 |c Biman Das 
260 |a New Jersey 
260 |b Pearson Prentice Hall 
260 |c 2005 
650 |a Mathematical physics,Calculus 
904 |i Tuyến 
980 |a Trung tâm Học liệu Trường Đại học Cần Thơ